000 01714cam a22004094i 4500
003 PE-LiUPU
005 20250731183441.0
008 150706s2010 r 000 0 d
020 _a9788425217685
035 _a(Sirsi) i9788425217685
040 _aPE-LiUPU
_bspa
_cPE-LiUPU
_erda
049 _aPRUA
082 0 4 _a720.103
_bM77
_221
100 1 _aMontaner, Josep María,
_eautor.
245 1 0 _aArquitectura y crítica /
_cJosep María Montaner.
250 _aSegunda edición.
264 1 _aBarcelona :
_bGustavo Gili,
_c2010.
300 _a120 páginas ;
_c20 cm.
336 _atext
_2rdacontent
337 _aunmediated
_2rdamedia
338 _avolume
_2rdacarrier
490 0 _aGG Básicos
505 0 _aIntroducción a la problemática de la crítica -- Materia y técnica de la crítica -- Pioneros -- La historiografía operativa del movimiento moderno -- Existencialismo, fenomenología, iconología y marxismo -- La aportación del estructuralismo -- Últimas interpretaciones en la era posestructuralista.
526 _aP158
526 _aP146
526 _aP17
526 _aP12
526 _aP06
541 _g015-0015392;
650 1 4 _aArquitectura
_xFilosofía
910 _clch
_d20130703
942 _2ddc
_cBOOK
949 _a720.103 M77
_wDEWEY
_c1
_i67586
_lCCODEBUL1
_mBUL
_p14.00
_r0
_sY
_tBOOK
_u2015-7-6
_xINGENIERIA
_PP06
_o.STAFF. Colección General
994 _aC0
_bPEPRU
596 _a1
999 _a720.103 M77
_wDEWEY
_c55213
_i67586
_f2021-11-9
_g7
_lCCODEBUL1
_mBUL
_p14.00
_r0
_sY
_tBOOK
_u2015-7-6
_xINGENIERIA
_PP06
_0COMPRA
_o.STAFF. Colección Ingenieria y Arquitectura
_d55213
980 _81
_gALBERTO SANCHEZ Responsable de Automatización